| 000 | 00463nam a22001577a 4500 | ||
|---|---|---|---|
| 999 |
_c8510 _d8510 |
||
| 008 | 201201b ||||| |||| 00| 0 eng d | ||
| 040 | _aBMS College of Architecture | ||
| 100 | _aD R, Amulya | ||
| 245 | _aThe experience centre for Dance | ||
| 300 | _aiv, 43p. | ||
| 500 | _a1BM12AT002 | ||
| 502 |
_8B,Arch _NBMS College of Architecture, Visvesvaraya Technological University (VTU) _aProject report _d2017 |
||
| 650 | _aDance | ||
| 700 | _aNA | ||
| 942 |
_2ddc _cTHE |
||